000 00617nam a22001817a 4500
005 20170224090852.0
008 170224bmx mx ||||| |||| 000 0 spa d
020 _a9684324014 (Tomo I)
050 0 4 _aKKT920
_bG37 1987
100 1 _aGarrigues, Joaquín,
_eautor
245 1 0 _aCurso de derecho mercantil /
_cJoaquín Garrigues ; revisada con la colaboración de Alberto Bercoovitz.
250 _aOctava edición rev.
260 _aMéxico :
_bPorrúa,
_cc1987
300 _axliii, 969 páginas ;
_c24 cm.
650 7 _2lemb
_aDerecho comercial
_zEspaña
700 1 _aBercovitz, Alberto,
_erev.
942 _2lcc
_cLIB
999 _c128340
_d128340